| 000 | 01159nam a2200301 a 4500 | ||
|---|---|---|---|
| 001 | BRL_10 | ||
| 005 | 20190320210541.0 | ||
| 008 | 890818s1987 mx-a######---#000-0#spa-# | ||
| 020 | _a9686237003 | ||
| 041 | _aspa | ||
| 044 | _amx | ||
| 050 | 4 |
_aF1216.5 _b.F73 1987 |
|
| 100 | 1 |
_aFranco Torrijos, Enrique _9625 |
|
| 245 | 1 | 0 |
_aEl insólito paisaje mexicano _cEnrique Franco Torrijos, fotógrafo ; presentación, Ernesto Marcos ; preámbulo, Enrique Franco Torrijos ; prólogo, Andrés Henestrosa ; semblanza de la obra, Demetrio Sodi Morales ; prosa y poesía, Manuel José Othón. |
| 260 |
_aMéxico _bNacional Financiera _cc1987 |
||
| 300 |
_a162 p. _bil. (algunas a color) _c31 cm. |
||
| 500 | _aIncluye índice de lugares | ||
| 500 | _aIncluye dedicatoria del autor para Ruth Lechuga | ||
| 500 | _aAu41 | ||
| 650 | 1 | 4 |
_aPaisajes _xObras pictóricas _zMéxico _922642 |
| 651 | 4 |
_aMéxico _xObras pictóricas _922643 |
|
| 700 | 1 |
_aOthón, Manuel José _d1858-1906 _tSelecciones _f1987 _922644 |
|
| 700 | 1 |
_aSodi Morales, Demetrio _922645 |
|
| 700 | 1 |
_aHenestrosa, Andrés _91789 |
|
| 700 | 1 |
_aMarcos, Ernesto _922646 |
|
| 902 | _aGRL | ||
| 942 |
_2lcc _cB |
||
| 999 |
_c8823 _d8823 |
||